000 00522nam a2200157Ia 4500
008 090711s9999 xx 000 0 und d
082 _b38292
100 _aबेडेकर विश्राम
245 _aनरो वा कुंजरो वा
260 _c1961
600 _aबेडेकर विश्राम
630 _aनरो वा कुंजरो वा
700 _aबेडेकर विश्राम
730 _aनरो वा कुंजरो वा
942 _cBOOK
999 _c302915
_d302915